| 000 | 00771nam a22001931a 4500 | ||
|---|---|---|---|
| 001 | 11551 | ||
| 003 | OSt | ||
| 005 | 20260204212247.0 | ||
| 008 | 130115s2003||||dr ||||||b||||||||||spa|| | ||
| 020 | _aRD 346.074 P848g | ||
| 100 | _aPotentini Adamas Trajano Vidal | ||
| 245 | _aGuia Practica de los embargos Tomo I y II / Trajano Vidal Potentini A. | ||
| 264 | _aRepública Dominicana : Ediciones Juridico Trajano Potentini | ||
| 300 | _a574 P. | ||
| 500 | _aTomo I: Introduccion a la via de ejecucion y a los embargos.Tomo II: Formularios, jurisprudencia y vocabulario en materia de embargo. | ||
| 505 | _aIncluye Bibliografia | ||
| 650 | _aEmbargos - Via de ejecucion. 2. Embargo - Formularios.3. Derecho Procesal Civil - Republica Dominicana.Ì | ||
| 942 |
_2ddc _cBK |
||
| 999 |
_c11551 _d11551 |
||